000
002690000a22000970004500
100
1
_a
Butler, Phill
245
1
0
_a
Strategic partnerships changing the shape of world evangelization
300
_a
Núm 72 (1995), Páginas 4-7
773
0
_t
World Evangelization
942
_c
ANA
999
_c
57554
_d
57554